Normal view
MARC view
- DeHoff, Robert T
Entry Personal Name
001 - CONTROL NUMBER
- control field: 42743
003 - CONTROL NUMBER IDENTIFIER
- control field: NUST
005 - DATE AND TIME OF LATEST TRANSACTION
- control field: 20210314132416.0
008 - FIXED-LENGTH DATA ELEMENTS
- fixed length control field: 210314|| aca||aabn | a|a d
040 ## - CATALOGING SOURCE
- Original cataloging agency: NUST
- Transcribing agency: NUST
100 ## - HEADING--PERSONAL NAME
- Personal name: DeHoff, Robert T
670 ## - SOURCE DATA FOUND
- Source citation: Work cat.: (NUST): DeHoff, Robert T., Thermodynamics in materials science /, c1993.
